La iniciativa para la Cuenca del Caribe: su impacto en Centroamérica /

Na minha lista:
Detalhes bibliográficos
Autor principal: Gallardo, María Eugenia
Formato: Texto
Tags: Adicionar Tag
Sem tags, seja o primeiro a adicionar uma tag!

MARC

LEADER 00000 a a2200000 04500
001 47558
003
040
100 |a Gallardo, María Eugenia  
245 |a La iniciativa para la Cuenca del Caribe:   |b su impacto en Centroamérica /  |c María Eugenia Gallardo  
773 |g número10, (1988), 71 páginas : tablas, gráficos  
999 |c 30446  |d 30446